Implementing models in quantitative finance : (Record no. 1458)

000 -LEADER
fixed length control field 01365nam a22003737a 4500
001 - CONTROL NUMBER
control field 14896919
003 - CONTROL NUMBER IDENTIFIER
control field OSt
005 - DATE AND TIME OF LATEST TRANSACTION
control field 20210426063957.0
008 - FIXED-LENGTH DATA ELEMENTS--GENERAL INFORMATION
fixed length control field 070620s2008 gw a b 001 0 eng
010 ## - LIBRARY OF CONGRESS CONTROL NUMBER
LC control number 2007931341
020 ## - INTERNATIONAL STANDARD BOOK NUMBER
International Standard Book Number 9783540223481 (hardcover)
020 ## - INTERNATIONAL STANDARD BOOK NUMBER
International Standard Book Number 3540223487
020 ## - INTERNATIONAL STANDARD BOOK NUMBER
International Standard Book Number 9783540499596
020 ## - INTERNATIONAL STANDARD BOOK NUMBER
International Standard Book Number 3540499598
040 ## - CATALOGING SOURCE
Original cataloging agency DLC
Transcribing agency DLC
Modifying agency DLC
Language of cataloging eng
041 ## - LANGUAGE CODE
Language code of text/sound track or separate title eng
050 00 - LIBRARY OF CONGRESS CALL NUMBER
Classification number HG106
Item number .F87 2008
080 ## - UNIVERSAL DECIMAL CLASSIFICATION NUMBER
Universal Decimal Classification number 336
Item number F-98
100 1# - MAIN ENTRY--PERSONAL NAME
Personal name Fusai, Gianluca.
245 10 - TITLE STATEMENT
Title Implementing models in quantitative finance :
Remainder of title methods and cases /
Statement of responsibility, etc. / by: Springer
260 ## - PUBLICATION, DISTRIBUTION, ETC.
Place of publication, distribution, etc. Berlin ;
-- New York :
Name of publisher, distributor, etc. Springer
Date of publication, distribution, etc. c2008.
300 ## - PHYSICAL DESCRIPTION
Extent xxiii, 607 p.
Other physical details ill.
Dimensions 24 cm.
490 0# - SERIES STATEMENT
Series statement Springer finance
504 ## - BIBLIOGRAPHY, ETC. NOTE
Bibliography, etc. note Includes bibliographical references (p. [573]-597) and index.
650 #0 - SUBJECT ADDED ENTRY--TOPICAL TERM
Topical term or geographic name entry element Finance
General subdivision Mathematical models.
653 ## - INDEX TERM--UNCONTROLLED
Uncontrolled term ფინანსები
700 1# - ADDED ENTRY--PERSONAL NAME
Personal name Roncoroni, Andrea.
856 42 - ELECTRONIC LOCATION AND ACCESS
Materials specified Contributor biographical information
Uniform Resource Identifier <a href="http://www.loc.gov/catdir/enhancements/fy0813/2007931341-b.html">http://www.loc.gov/catdir/enhancements/fy0813/2007931341-b.html</a>
856 42 - ELECTRONIC LOCATION AND ACCESS
Materials specified Publisher description
Uniform Resource Identifier <a href="http://www.loc.gov/catdir/enhancements/fy0813/2007931341-d.html">http://www.loc.gov/catdir/enhancements/fy0813/2007931341-d.html</a>
856 41 - ELECTRONIC LOCATION AND ACCESS
Materials specified Table of contents only
Uniform Resource Identifier <a href="http://www.loc.gov/catdir/enhancements/fy0813/2007931341-t.html">http://www.loc.gov/catdir/enhancements/fy0813/2007931341-t.html</a>
906 ## - LOCAL DATA ELEMENT F, LDF (RLIN)
a 7
b cbc
c orignew
d 2
e epcn
f 20
g y-gencatlg
942 ## - ADDED ENTRY ELEMENTS (KOHA)
Source of classification or shelving scheme
Koha item type Books
Holdings
Withdrawn status Lost status Source of classification or shelving scheme Damaged status Not for loan Permanent location Current location Date acquired Inventory number Total Checkouts Full call number Barcode Date last seen Price effective from Koha item type
          Ken Walker International University Ken Walker International University 02/16/2021 1267   336 F-98 1267 02/16/2021 02/16/2021 Books

Powered by Koha